Visualizzazione normale
Vista MARC
- Ceferino Jimenéz Malla,
di Personal Name
Records bibliografici associati: 3
001 - CONTROL NUMBER
- control field: 6430
003 - CONTROL NUMBER IDENTIFIER
- control field: IT-RoINE
005 - DATE AND TIME OF LATEST TRANSACTION
- control field: 20140418150604.0
008 - FIXED-LENGTH DATA ELEMENTS
- fixed length control field: 140418|| aca||aabn | a|a d
040 ## - CATALOGING SOURCE
- Original cataloging agency: IT-RoINE
- Transcribing agency: IT-RoINE
100 ## - HEADING--PERSONAL NAME
- Personal name: Ceferino Jimenéz Malla,
- Titles and other words associated with a name: Beato,
- Dates associated with a name: 1861-1936
- General subdivision: Biografía
670 ## - SOURCE DATA FOUND
- Source citation: Work cat.: (IT-RoINE)0: Riboldi, Mario 6429, Un verdadero caló :, 1993.